00740nam a2200181 a 450000100100000000500170001000800410002704000250006808200110009310000270010424501100013126000760024130000210031750000700033859000260040895201070043499900170054100004902120201002061608.0190715s2009 dr 000 0 spa d aDO-SdBNPbspacBNPHU axxcxx1 aAdames F., Yoel97643710aProtagonistas :bgrandes azañas, récords y fechas momorables del deporte dominicano /cYoel Adames F. aSanto Domingo, República Dominicana :bGráficos Hernández,c2009. a271 p. ;c23 cm. aIncluye datos biográficos del autor en la solapa de la cubierta aInventariado, 2019/VM 0010718PDaPDbPDcHDd2019-07-15iLF1l0oxx p49022-10r2020-06-25w2020-06-25yLFPDZNo se presta c48509d48509